| 000 | 01027nam a2200241Ia 4500 | ||
|---|---|---|---|
| 003 | Ost | ||
| 005 | 20260507075743.0 | ||
| 008 | 260507s9999||||xx |||||||||||||| ||und|| | ||
| 020 | _a5059409961 | ||
| 040 | _cfsecg | ||
| 041 | _aara | ||
| 082 | _a330 | ||
| 100 |
_aبوتين، محمد _eمؤلف |
||
| 245 | 0 |
_aالمراجعة ومراقبة الحسابات من النظرية الى التطبيق / _c محمد بوتين |
|
| 250 | _aطبعة 3 | ||
| 260 |
_aالجزائر: _bديوان المطبوعات الجامعية, _c2003 |
||
| 300 |
_a191 صفحة؛ _bإيضاحات ؛ _c24 سم |
||
| 504 | _aببليوغرافيا: ص.185 | ||
| 520 | _aمدخل الى المراجعة المراجعة- المراجعة الخارجية- طرق ومنهجية المراجعة- مراجعة عمليات الإستغلال- تحقيق حسابات الميزانية- التسيير وحسابات النتائج. | ||
| 653 | _aالمراجعة | ||
| 653 | _aمراقبة الحسابات | ||
| 942 | _cكتاب | ||
| 999 |
_c46176 _d46176 |
||